| 000 | 01137nam0a22002651 4500 | ||
|---|---|---|---|
| 001 | rc\2882116 | ||
| 005 | 20260406204624.0 | ||
| 035 | _a(NLR Aleph) 007034905 | ||
| 090 |
_a6040096 _c6040096 |
||
| 100 | _a20110720d1927 |||y0rusy50 ca | ||
| 101 | 0 | _arus | |
| 102 | _aRU | ||
| 105 | _aa b ||||| | ||
| 200 | 1 |
_aКаталог изданий _eЯнварь - 1927 г. _fДальне-Вост.-Сиб. акционер. о-во "Книжное дело" |
|
| 210 |
_aХабаровск _aВладивосток _cАкц. о-во "Книжное дело" _d[1927] _gтипо-литогр. АО "Книжное дело" |
||
| 215 |
_a60 с. _cил. _d19х13 см |
||
| 300 | _aНа обл. загл.: "Каталог изданий "Книжного дела" на 1927 год" | ||
| 512 | 1 | _aКаталог изданий "Книжного дела" на 1927 год | |
| 710 | 0 | 2 |
_a"Книжное дело", акционерное общество _bХабаровск _3RU\NLR\AUTH\889965045 _9426302 |
| 801 | 0 |
_aRU _bNLR _gpsbo |
|
| 801 | 1 |
_aRU _bELAR _2rusmarc |
|
| 852 |
_aNLR _j671/К-53 |
||
| 942 | _cBOOK | ||
| 980 | _aNB | ||